Van az a pénz!
Elmentve itt :
| Szerző: | |
|---|---|
| További közreműködők: | |
| Dokumentumtípus: | Szakdolgozat |
| Megjelent: |
2005
|
| Tárgyszavak: | |
| Online Access: | http://diploma.bibl.u-szeged.hu/38796 |
| LEADER | 00510nta a2200157 i 4500 | ||
|---|---|---|---|
| 001 | dipl38796 | ||
| 005 | 20130405083124.0 | ||
| 008 | 130405s2005 hu om 0|| hun d | ||
| 040 | |a SZTE Diploma Repozitórium |b hun | ||
| 041 | |a hun | ||
| 100 | 1 | |a Pájer Anikó | |
| 245 | 1 | 0 | |a Van az a pénz! |h [elektronikus dokumentum] / |c Anikó Pájer |
| 260 | |c 2005 | ||
| 650 | 4 | |a Bölcsészettudományok | |
| 700 | 1 | |a Fülöp Attila |e ths | |
| 856 | 4 | 0 | |u http://diploma.bibl.u-szeged.hu/id/eprint/38796/1/2005_pajer_aniko.pdf |z Dokumentum-elérés |